Największe Polskie miasta bez kolei - Statystyki

Ogólne statystyki
  • Ten quiz został rozwiązany 122 razy
  • Średni wynik to 8 z 25
Statystyki odpowiedzi
Populacja Miasto Województwo % Poprawnych
62 795 Łomża Podlaskie
70%
88 425 Jastrzębie-Zdrój Śląskie
69%
60 075 Mielec Podkarpackie
66%
56 973 Bełchatów Łódzkie
61%
66 587 Siemianowice Śląskie Śląskie
56%
54 860 Piekary Śląskie Śląskie
51%
32 490 Police Zachodniopomorskie
37%
31 677 Czeladź Śląskie
32%
35 461 Marki Mazowieckie
32%
26 833 Turek Wielkopolskie
30%
29 446 Śrem Wielkopolskie
29%
22 173 Zambrów Podlaskie
29%
19 510 Chełmno Kujawsko-Pomorskie
26%
21 952 Mrągowo Warmińsko-Mazurskie
26%
21 739 Aleksandrów Łódzki Łódzkie
25%
18 975 Końskie Świętokrzyskie
24%
18 366 Myślenice Małopolskie
24%
25 634 Świecie Kujawsko-Pomorskie
24%
20 296 Gostyń Wielkopolskie
23%
19 448 Pułtusk Mazowieckie
21%
22 399 Ostrów Mazowiecka Mazowieckie
19%
22 486 Polkowice Dolnośląskie
19%
18 820 Łęczna Lubelskie
18%
19 231 Sokołów Podlaski Mazowieckie
13%
19 035 Tomaszów Lubelski Lubelskie
11%
Nie znaleziono quizów pasujących do podanych kryteriów
Rozkład punktacji
Procent ludzi z każdym wynikiem
Percentyl według liczby udzielonych odpowiedzi
Twoja historia wyników
Nie rozwiązałeś tego quizu